Cómo se salvó Joaquín Maurín : (Record no. 42648)
[ view plain ]
| 000 -CABECERA | |
|---|---|
| campo de control de longitud fija | 00635nam a2200193 a 4500 |
| 001 - NÚMERO DE CONTROL | |
| campo de control | 000043159 |
| 005 - FECHA Y HORA DE LA ÚLTIMA TRANSACCIÓN | |
| campo de control | 20201002040701.0 |
| 008 - DATOS DE LONGITUD FIJA--INFORMACIÓN GENERAL | |
| campo de control de longitud fija | 140220s1981 sp ac 000 0 spa d |
| 020 ## - NÚMERO INTERNACIONAL ESTÁNDAR DEL LIBRO | |
| Número Internacional Estándar del Libro | 8433455303 |
| 040 ## - FUENTE DE LA CATALOGACIÓN | |
| Centro catalogador/agencia de origen | DO-SdBNP |
| Lengua de catalogación | spa |
| Centro/agencia transcriptor | BNPHU |
| 082 ## - NÚMERO DE LA CLASIFICACIÓN DECIMAL DEWEY | |
| Número de clasificación | xxx |
| Número de documento/Ítem | xxx |
| 100 1# - ENTRADA PRINCIPAL--NOMBRE DE PERSONA | |
| Nombre de persona | Maurín, Jeanne |
| 9 (RLIN) | 70724 |
| 245 10 - MENCIÓN DE TÍTULO | |
| Título | Cómo se salvó Joaquín Maurín : |
| Resto del título | recuerdos y testimonios / |
| Mención de responsabilidad, etc. | Jeanne Maurín... [et al.]. |
| 260 ## - PUBLICACIÓN, DISTRIBUCIÓN, ETC. | |
| Lugar de publicación, distribución, etc. | Madrid : |
| Nombre del editor, distribuidor, etc. | Júcar, D.L., |
| Fecha de publicación, distribución, etc. | 1981. |
| 300 ## - DESCRIPCIÓN FÍSICA | |
| Extensión | 242 p. : |
| Otras características físicas | il., retrs. ; |
| Dimensiones | 20 cm. |
| 490 1# - MENCIÓN DE SERIE | |
| Mención de serie | Crónica General de España |
| Designación de volumen o secuencia | 30 |
| 700 1# - PUNTO DE ACCESO ADICIONAL--NOMBRE DE PERSONA | |
| Nombre de persona | Maurín, Joaquín |
| 9 (RLIN) | 70725 |
| 830 #0 - PUNTO DE ACCESO ADICIONAL DE SERIE-TÍTULO UNIFORME | |
| Título uniforme | Crónica General de España ; |
| Número de parte o sección de la obra | 30 |
| 9 (RLIN) | 70726 |
| Estado de retiro | Estado de pérdida | Restricciones de uso | No para préstamo | Código de colección | Localización permanente | Ubicación/localización actual | Ubicación en estantería | Fecha de adquisición | Número de inventario | Total de préstamos | Signatura topográfica completa | Código de barras | Fecha visto por última vez | Precio válido a partir de | Tipo de ítem Koha |
|---|---|---|---|---|---|---|---|---|---|---|---|---|---|---|---|
| Excluido de préstamo | Monografías: Libros y Folletos | General | General | En catalogación | 20.02.2014 | LF1 | xxx xxx | 43159-10 | 25.06.2020 | 25.06.2020 | No se presta |
